000 00886nam a2200277Ia 4500
003 OSt
005 20221007123824.0
006 a|||||r|||| 00| 0
007 ta
008 221006b |||||||| |||| 00| 0 eng d
020 _a8181283414 (hbd)
_cRs.1691.50
024 _a79417
037 _b0068, 21/11/2007, Dhanraj Book House
_cTextual
040 _aCDL
_cCDL
_beng
041 _2eng
_aeng
082 _aE:235, N2-;1 Carc
100 _aMoroi Yoshikiyo
_9717928
245 0 _aMicelles: theoretical and applied aspects
260 _aNew
_bYork Plenum Press
_c1992
300 _aix, 252p.
_ccm.
500 _aIncludes bibliographical references.; Index 249-252p.
650 _a Micelles
_9717929
650 _aChemistry
942 _hE:235, N2-;1 Carc
_cTEXL
_2CC
999 _c1212524
_d1212524